Narrative of the central division, or Army of Chihuahua, commanded by Brigadier General Wool : embracing all the occurrences from the time of its rendezvous at San Antonio de Bexar till its juncture with Gen'l Taylor, and its final disbandment at Camargo, with an account of its sufferings while passing through a barren and hostile country ; together with a description of the battle of Buena Vista, &c. and an interesting appendix /

Bibliographic Details
Main Author: Buhoup, Jonathan W.
Format: Book
Language:English
Published: Pittsburgh : M. P. Morse, 1847.
Subjects:

MARC

Tag First Indicator Second Indicator Subfields
LEADER 00000cam a2200000 i 4500
001 in00000376607
005 20151011084112.0
008 780526r19701847kyu 00010 eng d
035 |a (OCoLC)03929558 
035 |9 ABQ3203AM 
040 |a TXA  |c TXA  |d UtOrBLW 
049 |a TXAI 
099 |a fiche  |a B  |a 275 
100 1 |a Buhoup, Jonathan W. 
245 1 0 |a Narrative of the central division, or Army of Chihuahua, commanded by Brigadier General Wool :  |b embracing all the occurrences from the time of its rendezvous at San Antonio de Bexar till its juncture with Gen'l Taylor, and its final disbandment at Camargo, with an account of its sufferings while passing through a barren and hostile country ; together with a description of the battle of Buena Vista, &c. and an interesting appendix /  |c By Jonathan W. Buhoup. 
264 1 |a Pittsburgh :  |b M. P. Morse,  |c 1847. 
300 |a xii, 168 pages ;  |c 19 cm. 
336 |a text  |b txt  |2 rdacontent 
337 |a unmediated  |b n  |2 rdamedia 
338 |a volume  |b nc  |2 rdacarrier 
500 |a Microfiche. Louisville, Ky. : Lost Cause Press, 1970. -- 5 sheets : 7.5 x 12.5 cm. -- (Sabin, Joseph, 1821-1881. [Bibliotheca Americana] Selected Americana. [Microfiche edition]). 
650 0 |a Mexican War, 1846-1848  |x Campaigns. 
650 0 |a Mexican War, 1846-1848  |x Regimental histories  |x Army of Chihuahua. 
999 |a MARS 
999 f f |s 0594ef19-57b5-30e0-bc8e-b37c358d8d7b  |i 67540560-a9d6-39fa-8c29-74352d7caf73  |t 0 
952 f f |p default  |a Texas A&M University  |b College Station  |c Sterling C. Evans Library  |d Evans: Microforms (3rd floor)  |t 0  |e fiche B 275  |h Other scheme  |i unmediated -- volume 
998 f f |a fiche B 275  |t 0  |l Evans: Microforms (3rd floor)